Famous Facial Hair Quiz Stats

 Plays Quiz Updated Jun 9, 2015

Score 0/25 Timer 05:00
6 Plays Today
# Moustache wearer % Correct
10Mario
96.6%
6Adolf Hitler
94.9%
3Albert Einstein
84.6%
20Hulk Hogan
82.7%
12Borat (Sasha Baron Cohen)
70.6%
24Ned Flanders
68.9%
9Tom Selleck
50.8%
17Groucho Marx
49.5%
4Joseph Stalin
47.4%
8Prince
39.7%
1Salvador Dalí
36.7%
7Earl Hickey (Jason Lee)
36.1%
18Ron Burgundy (Will Ferrell)
35.1%
# Moustache wearer % Correct
22Burt Reynolds
30.9%
21Freddie Mercury
30.6%
11Clark Gable
30.5%
16Jimi Hendrix
25.6%
2Frank Zappa
23%
5Lemmy
14.7%
14John Waters
14.1%
19Sam Elliott
13%
13David Crosby
8.3%
23Don Mattingly
8.2%
25Robert Mugabe
6.3%
15Friedrich Nietzsche
5%

You're not logged in!

Compare scores with friends on all Sporcle quizzes.
OR
Log In

Sporcle TV

Today on Sporcle TV


Watch our educational content, quiz creation guides, and fun videos on Sporcle TV.

Show Comments

Extras

Top Quizzes Today


Score Distribution

Your Account Isn't Verified!

In order to create a playlist on Sporcle, you need to verify the email address you used during registration. Go to your Sporcle Settings to finish the process.

Report this User

Report this user for behavior that violates our Community Guidelines.

Details: